[Event "Campionatul National Individual Masculi"]
[Site "?"]
[Date "2010.02.03"]
[Round "5.16"]
[White "Stegariu, Alexandru"]
[Black "Foisor, Ovidiu Doru"]
[Result "0-1"]
[WhiteElo "2042"]
[BlackElo "2420"]
[PlyCount "52"]
[EventDate "2010.??.??"]

1. d4 g6 2. c4 Bg7 3. Nc3 c5 4. d5 Bxc3+ 5. bxc3 f5 6. Nf3 Qa5 7. Qb3 Nf6 8. e3
d6 9. Bd3 Nbd7 10. O-O O-O 11. Nd2 Qa6 12. f4 Nb6 13. Bc2 e6 14. e4 fxe4 15.
Nxe4 Nxc4 16. dxe6 Bxe6 17. Ng5 Bf5 18. Bxf5 gxf5 19. Ne6 Rf7 20. Ng5 Re7 21.
Qc2 Ne4 22. Nxe4 Rxe4 23. g4 Kh8 24. gxf5 Rg8+ 25. Kf2 Qc6 26. Qd3 Rg2+ 0-1

[Event "CAMPIONATUL NATIONAL INDIVIDUAL MASCULI"]
[Site "BAILE OLANESTI"]
[Date "2010.02.01"]
[Round "2.22"]
[White "Ungureanu, Vlad"]
[Black "Stegariu, Alexandru"]
[Result "1-0"]
[WhiteElo "2316"]
[BlackElo "2042"]
[PlyCount "80"]
[EventDate "2010.??.??"]

1. c4 Nf6 2. Nc3 g6 3. g3 Bg7 4. Bg2 c5 5. e3 O-O 6. Nge2 Na6 7. O-O Nc7 8. d4
cxd4 9. exd4 d5 10. c5 Bd7 11. Bf4 Bc6 12. b4 b5 13. a4 bxa4 14. Bxc7 Qxc7 15.
b5 Bd7 16. c6 Bg4 17. Qxa4 Bxe2 18. Nxe2 Ne4 19. Qa5 Qd6 20. Rfc1 Bh6 21. Rc2
Qf6 22. Qe1 Qf5 23. Rca2 Rab8 24. Rb2 Rfc8 25. Nc3 Bd2 26. Rxd2 Nxc3 27. Qf1
Qf6 28. Qd3 Nxb5 29. Bxd5 Rd8 30. Qc4 e6 31. Bg2 Rdc8 32. Rdd1 Nc7 33. Rab1
Rxb1 34. Rxb1 Nd5 35. Qc5 Qe7 36. Qc4 Qd6 37. Rc1 Rc7 38. h4 h5 39. Bxd5 Qxd5
40. Qa4 Kh7 1-0

[Event "TROFEUL TECHIRGHIOL 2009 - OPEN"]
[Site "Techirghiol"]
[Date "2009.07.30"]
[Round "3.13"]
[White "Damian, Pavel"]
[Black "Stegariu, Alexandru"]
[Result "0-1"]
[WhiteElo "2041"]
[BlackElo "1964"]
[PlyCount "80"]
[EventDate "2009.??.??"]
[EventRounds "9"]
[EventCountry "ROM"]

1. e4 c5 2. Nc3 e6 3. Nf3 a6 4. g3 Nc6 5. Bg2 d6 6. d4 cxd4 7. Nxd4 Qc7 8. Be3
Nf6 9. O-O Be7 10. h3 O-O 11. Nb3 b6 12. a3 Bb7 13. Qe2 Ne5 14. Nd2 Rac8 15.
Rad1 Rfd8 16. g4 d5 17. g5 Nxe4 18. Ndxe4 dxe4 19. Rxd8+ Bxd8 20. Rd1 Nf3+ 21.
Bxf3 exf3 22. Qd3 Be7 23. Qd7 Bc6 24. Qxc7 Rxc7 25. Kh2 f6 26. gxf6 gxf6 27.
Rg1+ Kf7 28. Bf4 e5 29. Bh6 Bd6 30. Rg7+ Ke6 31. Rxc7 e4+ 32. Kg1 Bxc7 33. Kf1
f5 34. Ke1 f4 35. Kd2 Bd6 36. Nd1 Kf6 37. h4 Kg6 38. Bg5 Kf5 39. Bd8 Kg4 40.
Kc3 Be5+ 0-1

[Event "TROFEUL TECHIRGHIOL 2009 - OPEN"]
[Site "Techirghiol"]
[Date "2009.07.05"]
[Round "9.16"]
[White "Panainte, Daniel-Iulian"]
[Black "Stegariu, Alexandru"]
[Result "1-0"]
[WhiteElo "1833"]
[BlackElo "1964"]
[PlyCount "115"]
[EventDate "2009.??.??"]
[EventRounds "9"]
[EventCountry "ROM"]

1. e4 c5 2. Nf3 e6 3. d4 cxd4 4. Nxd4 a6 5. Nc3 Qc7 6. f4 d6 7. Bd3 Nf6 8. Bd2
Be7 9. Qe2 b5 10. a3 Nbd7 11. O-O Bb7 12. Nf3 Nc5 13. Kh1 O-O 14. Ng5 h6 15.
Nf3 Rfd8 16. Rg1 d5 17. e5 Nfe4 18. Be3 Nxc3 19. bxc3 Ne4 20. Bd4 Nxc3 21. Qe3
Na4 22. g4 Nc5 23. f5 Nxd3 24. cxd3 Rdc8 25. f6 Bf8 26. g5 h5 27. Raf1 g6 28.
Nh4 Kh7 29. Ng2 Bc5 30. Rc1 Bxd4 31. Rxc7 Bxe3 32. Rxf7+ Kh8 33. Nxe3 Bc6 34.
d4 a5 35. Rg7 Rg8 36. Rc1 Rac8 37. Re7 Bd7 38. Rxc8 Bxc8 39. Ng2 b4 40. axb4
axb4 41. Nf4 b3 42. Nd3 Ba6 43. Nb2 Rc8 44. Rxe6 Rc1+ 45. Kg2 Bf1+ 46. Kf2 Kg8
47. Rb6 Bh3 48. Rxb3 Bf5 49. Nd3 Rc2+ 50. Kf1 Rxh2 51. Nf4 Rh4 52. Nxd5 Rxd4
53. Ne7+ Kf7 54. Nxf5 gxf5 55. Rb7+ Ke8 56. g6 Rg4 57. f7+ Kf8 58. Rb8+ 1-0

[Event "TROFEUL TECHIRGHIOL 2009 - OPEN"]
[Site "Techirghiol"]
[Date "2009.07.03"]
[Round "6.16"]
[White "Stegariu, Alexandru"]
[Black "Taposu Matei , Alexandra"]
[Result "1-0"]
[WhiteElo "1964"]
[BlackElo "1719"]
[PlyCount "27"]
[EventDate "2009.??.??"]
[EventRounds "9"]
[EventCountry "ROM"]

1. d4 Nf6 2. c4 e6 3. Nc3 Bb4 4. e3 d5 5. Nf3 c6 6. cxd5 exd5 7. Bd3 Bg4 8. Qb3
Bxc3+ 9. bxc3 b6 10. Ba3 Nbd7 11. c4 Be6 12. Ng5 h6 $4 13. Nxe6 fxe6 14. Bg6#
1-0

[Event "TROFEUL TECHIRGHIOL 2009 - OPEN"]
[Site "Techirghiol"]
[Date "2009.07.02"]
[Round "5.10"]
[White "Chiricuta, Marius"]
[Black "Stegariu, Alexandru"]
[Result "1-0"]
[WhiteElo "2226"]
[BlackElo "1964"]
[PlyCount "63"]
[EventDate "2009.??.??"]
[EventRounds "9"]
[EventCountry "ROM"]

1. e4 c5 2. b4 b6 3. b5 Bb7 4. Nc3 d6 5. g3 Nf6 6. Bg2 e6 7. Bb2 Nbd7 8. Nge2
d5 9. exd5 Nxd5 10. Nxd5 Bxd5 11. Bxd5 exd5 12. d4 c4 13. O-O Be7 14. Nf4 Nf6
15. Qf3 O-O 16. Rfe1 Qd7 17. Rxe7 Qxe7 18. Ba3 Qd7 19. Bxf8 Rxf8 20. a4 Re8 21.
Kg2 h6 22. h4 Ra8 23. Re1 a6 24. Re5 axb5 25. Nxd5 Nxd5 26. Rxd5 Qe8 27. axb5
Ra5 28. Re5 Qd7 29. Qe4 g6 30. Re8+ Kh7 31. Qe5 f6 32. Re7+ 1-0

[Event "TROFEUL TECHIRGHIOL 2009 - OPEN"]
[Site "Techirghiol"]
[Date "2009.07.01"]
[Round "4.6"]
[White "Stegariu, Alexandru"]
[Black "Ciobanu, Aurelian"]
[Result "0-1"]
[WhiteElo "1964"]
[BlackElo "2209"]
[PlyCount "46"]
[EventDate "2009.??.??"]
[EventRounds "9"]
[EventCountry "ROM"]

1. d4 e6 2. c4 b6 3. Nc3 Bb7 4. e3 Bb4 5. Nf3 f5 6. Bd3 Nf6 7. O-O O-O 8. Qc2
Qe8 9. Nd2 Qh5 10. f3 Nc6 11. Nb5 a6 12. Nc3 Bd6 13. f4 Ng4 14. Nf3 Nb4 15. Qd2
Nxd3 16. Qxd3 Bxf3 17. h3 Bb7 18. hxg4 Qxg4 19. Qe2 Qh4 20. Qf2 Qe7 21. Rb1 Rf6
22. Na4 Rg6 23. g3 Qh4 0-1

[Event "CN Juniori Voineasa 2009 - B18"]
[Site "www.frsah.ro"]
[Date "2009.04.14"]
[Round "9.4"]
[White "Stegariu, Alexandru"]
[Black "Duca, Alexandru-Gabriel"]
[Result "0-1"]
[WhiteElo "1964"]
[BlackElo "2239"]
[PlyCount "114"]
[EventDate "2009.04.08"]

1. d4 Nf6 2. c4 c5 3. d5 d6 4. Nc3 g6 5. e4 Bg7 6. Nf3 e6 7. dxe6 Bxe6 8. Bf4
O-O 9. Bxd6 Re8 10. Bxb8 Qxb8 11. Be2 Qf4 12. Qd2 Qg4 13. O-O Nxe4 14. Nxe4
Qxe4 15. Ng5 Qe5 16. Nxe6 Qxe6 17. Bd3 Red8 18. Rad1 Rd4 19. Qc2 Rad8 20. Be2
Rxd1 21. Bxd1 Qe5 22. b3 Qc3 23. Qe4 Qd3 24. Qxd3 Rxd3 25. g3 Bd4 26. Kg2 Rd2
27. a4 Rb2 28. g4 g5 29. Kg3 Kg7 30. h3 Be5+ 31. Kg2 Bd4 32. Kg3 Be5+ 33. Kg2
Kf6 34. Re1 Rd2 35. Bf3 b6 36. a5 bxa5 37. Re2 Rd3 38. Ra2 Bc3 39. Be4 Rd1 40.
Bxh7 Ke5 41. Re2+ Kd6 42. Bc2 Rc1 43. Kg3 Bd4 44. Kg2 Ra1 45. Kg3 f6 46. Kg2
Rc1 47. Kg3 Be5+ 48. Kg2 Bf4 49. Kf3 Rh1 50. Kg2 Rh2+ 51. Kg1 Rxh3 52. Kg2 Rc3
53. Bd1 a4 54. Rb2 Bc1 55. Rc2 Rxc2 56. Bxc2 a3 57. Bb1 Ke5 0-1

[Event "Campionatul National pentru co"]
[Site "www.frsah.ro"]
[Date "2009.04.13"]
[Round "8.5"]
[White "Secheres, Alexandru"]
[Black "Stegariu, Alexandru"]
[Result "0-1"]
[WhiteElo "1808"]
[BlackElo "1964"]
[PlyCount "147"]
[EventDate "2009.04.08"]

1. d4 Nf6 2. c4 g6 3. Nc3 Bg7 4. e4 d6 5. Nf3 O-O 6. Be2 e5 7. dxe5 dxe5 8.
Qxd8 Rxd8 9. Bg5 Re8 10. Nd5 Nxd5 11. cxd5 c6 12. Bc4 b5 13. Bb3 Bb7 14. Rd1
Nd7 15. O-O Nc5 16. dxc6 Bxc6 17. Rc1 Nxb3 18. Rxc6 Na5 19. Rc5 a6 20. b3 Nb7
21. Rd5 Rac8 22. Be3 Rc2 23. Rd2 Rxd2 24. Nxd2 Rc8 25. a4 Rc3 26. axb5 axb5 27.
Ra1 Bf8 28. Rb1 Bb4 29. Nf1 Rd3 30. Bb6 Bc5 31. Bxc5 Nxc5 32. f3 Nxb3 33. Kf2
Nd4 34. Ne3 Rd2+ 35. Kf1 Ra2 36. Ng4 Kg7 37. Nxe5 Kf6 38. Nd3 Rd2 39. Nc5 Rc2
40. Nb3 Nc6 41. Nc1 Nd4 42. Nb3 Ne2 43. Na1 Rc1+ 44. Rxc1 Nxc1 45. Nc2 Ke5 46.
Kf2 Kd6 47. Ke3 Kc5 48. f4 b4 49. g4 Kc4 50. Nxb4 Kxb4 51. Kd4 Kb5 52. Kd5 Kb6
53. h4 Nd3 54. f5 Kc7 55. fxg6 hxg6 56. e5 Kd7 57. Ke4 Nc5+ 58. Kd5 Ne6 59. Ke4
Ng7 60. Kd5 Ke7 61. Kd4 Ke6 62. Ke4 Ke7 63. Kd5 Kd7 64. Kd4 Kc6 65. Kc4 Ne6 66.
h5 g5 67. h6 Nf8 68. Kd4 Kd7 69. Kd5 Ke7 70. Kd4 Ke6 71. Ke4 Nh7 72. Kd4 f6 73.
exf6 Kxf6 74. Ke4 0-1

[Event "CN Juniori Voineasa 2009 - B18"]
[Site "www.frsah.ro"]
[Date "2009.04.12"]
[Round "7.2"]
[White "Stegariu, Alexandru"]
[Black "Georgescu, Tiberiu-Marian"]
[Result "0-1"]
[WhiteElo "1964"]
[BlackElo "2383"]
[PlyCount "116"]
[EventDate "2009.04.08"]

1. d4 Nf6 2. c4 g6 3. Nc3 Bg7 4. e4 d6 5. Nf3 O-O 6. Be2 e5 7. O-O Na6 8. Re1
c6 9. Rb1 Qe7 10. Bf1 Bg4 11. dxe5 dxe5 12. b4 Rfd8 13. Qb3 Bxf3 14. gxf3 Nh5
15. Ne2 Nc7 16. Bh3 Ne6 17. Bxe6 Qxe6 18. Kg2 Rd7 19. c5 Qxb3 20. Rxb3 b5 21.
Be3 a5 22. a3 f5 23. exf5 gxf5 24. Ng3 Nxg3 25. hxg3 axb4 26. axb4 Kf7 27. Rbb1
Ra4 28. Rh1 Kg6 29. Rh4 Rd3 30. Rhh1 Bf8 31. Rh4 Ra2 32. Kf1 h5 33. Rh3 Bg7 34.
Rh1 Bf6 35. Kg1 Bg5 36. Bxg5 Kxg5 37. Kg2 Rdd2 38. Rhf1 Kf6 39. Rb3 Ke6 40.
Rbb1 Kf6 41. Rb3 Kg5 42. Re3 Rd5 43. Rfe1 Kf6 44. R3e2 Ra4 45. Rb2 Rd4 46. Reb1
h4 47. Kh3 hxg3 48. fxg3 Ke6 49. Kg2 Kd5 50. Kf2 Rd3 51. Rb3 Ra2+ 52. Kg1 e4
53. fxe4+ fxe4 54. Rxd3+ exd3 55. Kf1 Kd4 56. Re1 d2 57. Rd1 Kd3 58. g4 Ra4 0-1

[Event "CN Juniori Voineasa 2009 - B18"]
[Site "www.frsah.ro"]
[Date "2009.04.11"]
[Round "5.1"]
[White "Anton, Teodor"]
[Black "Stegariu, Alexandru"]
[Result "1-0"]
[WhiteElo "2365"]
[BlackElo "1964"]
[PlyCount "49"]
[EventDate "2009.04.08"]

1. d4 Nf6 2. c4 g6 3. Nf3 Bg7 4. g3 O-O 5. Bg2 d6 6. O-O Nbd7 7. Nc3 e5 8. e4
a6 9. h3 b5 10. dxe5 Nxe5 11. Nxe5 dxe5 12. cxb5 axb5 13. Qc2 c6 14. Rd1 Nd7
15. Rd6 Ra6 16. Be3 Re8 17. Rad1 Bf8 18. Rxd7 Bxd7 19. Qd3 Qa8 20. Qxd7 b4 21.
Bf1 bxc3 22. Bxa6 cxb2 23. Bc4 Re7 24. Qd2 Rb7 25. Bb3 1-0

[Event "CN Juniori Voineasa 2009 - B18"]
[Site "www.frsah.ro"]
[Date "2009.04.10"]
[Round "4.2"]
[White "Stegariu, Alexandru"]
[Black "Miroiu, George Catalin"]
[Result "1/2-1/2"]
[WhiteElo "1964"]
[BlackElo "2187"]
[PlyCount "71"]
[EventDate "2009.04.08"]

1. d4 Nf6 2. c4 g6 3. Nc3 Bg7 4. e4 d6 5. Nf3 O-O 6. Be2 e5 7. O-O Nc6 8. d5
Ne7 9. Ne1 Nd7 10. Nd3 f5 11. Bd2 Nf6 12. f3 h5 13. Rc1 f4 14. c5 g5 15. cxd6
cxd6 16. Nf2 Ng6 17. Nb5 Rf7 18. Qc2 Ne8 19. a4 Bf8 20. Qb3 Rg7 21. Rc2 Nh4 22.
h3 a6 23. Na3 Nf6 24. Be1 g4 25. fxg4 hxg4 26. hxg4 Nxg4 27. Bxg4 Bxg4 28. Nxg4
Rxg4 29. Bxh4 Qxh4 30. Qxb7 Re8 31. Qxa6 Re7 32. Qxd6 Reg7 33. Qe6+ Kh8 34. d6
Rxg2+ 35. Rxg2 Rxg2+ 36. Kxg2 1/2-1/2

[Event "CN Juniori Voineasa 2009 - B18"]
[Site "www.frsah.ro"]
[Date "2009.04.09"]
[Round "2.5"]
[White "Chifor, Ovidiu-Emanuel"]
[Black "Stegariu, Alexandru"]
[Result "1/2-1/2"]
[WhiteElo "2155"]
[BlackElo "1964"]
[PlyCount "108"]
[EventDate "2009.04.08"]

1. d4 Nf6 2. c4 g6 3. Nf3 Bg7 4. Nc3 O-O 5. g3 d6 6. Bg2 c5 7. d5 Na6 8. O-O
Nc7 9. a4 Rb8 10. h3 b6 11. e4 a6 12. e5 Nfe8 13. Qe2 b5 14. Re1 bxc4 15. Qxc4
a5 16. Qe2 Na6 17. exd6 exd6 18. Bg5 f6 19. Bf4 Nb4 20. Nb5 Kh8 21. Qd2 Ba6 22.
Bf1 g5 23. Be3 Nc7 24. Nxc7 Qxc7 25. Bxa6 Nxa6 26. Qd3 Nb4 27. Qc4 Qd7 28. Kg2
Qf5 29. Rad1 Nc2 30. Re2 Rxb2 31. Bc1 Na3 32. Qa6 Rxe2 33. Qxe2 Qc2 34. Nd2 Nb1
35. Re1 Nxd2 36. Bxd2 Qxa4 37. Qe7 Qd4 38. Bxa5 Qxd5+ 39. Kg1 Rf7 40. Qd8+ Bf8
41. Bc3 Kg7 42. Re3 Qf5 43. Kg2 h5 44. Rf3 Qe6 45. h4 g4 46. Re3 Qf5 47. Kg1 d5
48. Re8 d4 49. Bd2 Rb7 50. Be1 Rb1 51. Re7+ Bxe7 52. Qxe7+ Kg8 53. Qe8+ Kg7 54.
Qe7+ Kg8 1/2-1/2

[Event "CN Juniori Voineasa 2009 - B18"]
[Site "www.frsah.ro"]
[Date "2009.04.09"]
[Round "3.3"]
[White "Stegariu, Alexandru"]
[Black "Ursente, Tudor Alexandru"]
[Result "1-0"]
[WhiteElo "1964"]
[BlackElo "2003"]
[PlyCount "75"]
[EventDate "2009.04.08"]

1. d4 d5 2. c4 e6 3. Nc3 c6 4. Nf3 Nf6 5. Bg5 Be7 6. e3 Nbd7 7. cxd5 exd5 8.
Bd3 O-O 9. O-O Re8 10. Qc2 Nf8 11. Rab1 Ng4 12. Bxe7 Qxe7 13. b4 a6 14. a4 b5
15. e4 dxe4 16. Bxe4 Bb7 17. Rfe1 Qd6 18. axb5 axb5 19. Nxb5 Qd7 20. Nc3 g6 21.
Red1 f5 22. Bd3 Qd6 23. Bc4+ Kg7 24. d5 cxd5 25. Bxd5 Bxd5 26. Nxd5 Rac8 27.
Qb2+ Kh6 28. h3 Ne5 29. Nxe5 Qxe5 30. Qd2+ Kg7 31. Re1 Qd6 32. Qb2+ Kf7 33.
Rxe8 Rxe8 34. Rd1 Nd7 35. Ne3 Qe6 36. Qd4 Nf6 37. b5 Rb8 38. Qa7+ 1-0

[Event "Campionatul National de Sah Individ.  M"]
[Site "Eforie Nord"]
[Date "2009.02.08"]
[Round "9.27"]
[White "Stegariu, Alexandru"]
[Black "Bondoc, Dan Vladimir"]
[Result "0-1"]
[WhiteElo "1936"]
[BlackElo "2191"]
[PlyCount "212"]
[EventDate "2009.02.01"]

1. d4 Nf6 2. c4 c5 3. d5 b5 4. cxb5 a6 5. b6 Qxb6 6. Nc3 d6 7. e4 g6 8. Nf3
Nbd7 9. Be2 Bg7 10. O-O O-O 11. a4 h6 12. a5 Qb8 13. Nd2 Ne8 14. Nc4 Nc7 15.
Na4 Nb5 16. Bg4 Ra7 17. Nab6 Nxb6 18. axb6 Ra8 19. Bxc8 Rxc8 20. Qg4 Qb7 21. f4
Kh7 22. f5 Rf8 23. Rf3 Rh8 24. Rg3 Bd4+ 25. Kh1 Rag8 26. Bd2 g5 27. Qh5 Kg7 28.
Rb3 Bf6 29. Bc3 Ra8 30. Qd1 Rhd8 31. Qd2 Re8 32. Qe3 Rad8 33. Na3 Ra8 34. Nc4
Red8 35. Qd2 Re8 36. Qd3 Rad8 37. Na3 Ra8 38. Nc4 Rad8 39. Na3 Ra8 40. Nc4 Red8
41. Qd2 Kg8 42. h3 Re8 43. Qd3 Rad8 44. Na3 Rc8 45. Qc4 Ra8 46. Qf1 Qxb6 47.
Nxb5 axb5 48. Rxa8 Rxa8 49. Bxf6 exf6 50. Qxb5 Qxb5 51. Rxb5 Ra4 52. Rb6 Rxe4
53. Rxd6 Kg7 54. Rc6 Rb4 55. Rxc5 Rxb2 56. Rc8 Rd2 57. Rd8 h5 58. d6 h4 59. Kg1
Rd5 60. d7 Kh7 61. Kf2 Rxf5+ 62. Ke3 Rd5 63. Ke4 Rd6 64. Kf5 Kg7 65. Kg4 Rd3
66. Ra8 Rxd7 67. Ra2 Rd3 68. Kh5 Rg3 69. Rf2 Ra3 70. Re2 Ra8 71. Re3 Rh8+ 72.
Kg4 Kg6 73. Rf3 Ra8 74. Rb3 f5+ 75. Kf3 Ra4 76. Rc3 g4+ 77. Kf2 Ra2+ 78. Kf1
Kg5 79. Rb3 f4 80. hxg4 Kxg4 81. Rc3 Ra4 82. Kf2 Ra7 83. Rb3 Re7 84. Ra3 f6 85.
Ra6 Kf5 86. Ra5+ Re5 87. Ra8 Rb5 88. Rh8 Kg4 89. Rg8+ Rg5 90. Rf8 Rg6 91. Ra8
Rg7 92. Ra6 Rf7 93. Ra8 Rb7 94. Rg8+ Kf5 95. Rh8 Rb2+ 96. Kf1 f3 97. gxf3 Kg5
98. Kg1 f5 99. Kf1 Ra2 100. Rh7 Rb2 101. Rh8 Ra2 102. Rh7 Rh2 103. Kg1 Ra2 104.
Kf1 Kf4 105. Rxh4+ Kxf3 106. Rh3+ Kg4 0-1

[Event "Campionatul National de Sah Individ.  M"]
[Site "Eforie Nord"]
[Date "2009.02.07"]
[Round "8.20"]
[White "Duca, Alexandru-Gabriel"]
[Black "Stegariu, Alexandru"]
[Result "1-0"]
[WhiteElo "2230"]
[BlackElo "1936"]
[PlyCount "75"]
[EventDate "2009.02.01"]

1. e4 c5 2. Nf3 e6 3. d4 cxd4 4. Nxd4 a6 5. Be2 Qc7 6. O-O Nc6 7. Kh1 Nf6 8.
Nc3 d6 9. f4 Nxd4 10. Qxd4 Qc5 11. Qd3 b5 12. Be3 Qc7 13. Rad1 Bb7 14. a3 Be7
15. Bf3 Rd8 16. Qe2 O-O 17. Qf2 Qb8 18. Qg3 Qa8 19. e5 Ne4 20. Nxe4 Bxe4 21.
Bb6 Rd7 22. Bd4 d5 23. Bxe4 dxe4 24. f5 Rfd8 25. f6 Bf8 26. c3 g6 27. Rde1 Qc6
28. Rf4 Bc5 29. Qh4 e3 30. Rxe3 h5 31. Qg5 Bxa3 32. h3 Bf8 33. Rg3 Kh7 34. Rh4
Bh6 35. Rxh5 gxh5 36. Qxh5 Rg8 37. Rxg8 Kxg8 38. Qxh6 1-0

[Event "Campionatul National de Sah Individ.  M"]
[Site "Eforie Nord"]
[Date "2009.02.06"]
[Round "7.25"]
[White "Stegariu, Alexandru"]
[Black "Nita, Lucian"]
[Result "1-0"]
[WhiteElo "1936"]
[BlackElo "2230"]
[PlyCount "24"]
[EventDate "2009.02.01"]

1. d4 d6 2. Nf3 Nd7 3. c4 e5 4. Nc3 Ngf6 5. e4 g6 6. Be2 Bg7 7. O-O O-O 8. Re1
c6 9. Rb1 b6 10. d5 cxd5 11. cxd5 Nc5 12. Bf1 a5 {
(negrului i-a sunat telefonul)} 1-0

[Event "Campionatul National de Sah Individ.  M"]
[Site "Eforie Nord"]
[Date "2009.02.05"]
[Round "6.34"]
[White "Scurhan, Gheorghe"]
[Black "Stegariu, Alexandru"]
[Result "0-1"]
[WhiteElo "2148"]
[BlackElo "1936"]
[PlyCount "90"]
[EventDate "2009.02.01"]

1. e4 c5 2. Nf3 e6 3. d4 cxd4 4. Nxd4 a6 5. Nc3 Qc7 6. Be3 Bb4 7. Qd2 Nf6 8. f3
d5 9. Bd3 e5 10. Nb3 d4 11. Nxd4 exd4 12. Bxd4 Nc6 13. Bxf6 gxf6 14. a3 Bxc3
15. Qxc3 Qa5 16. Qxa5 Nxa5 17. Kf2 Be6 18. b3 O-O-O 19. Rhd1 Rd7 20. f4 Rhd8
21. Ke3 Rd6 22. Rab1 Nc6 23. c4 Nd4 24. f5 Nxb3 25. fxe6 Nc5 26. Be2 Rxd1 27.
Bxd1 Rd3+ 28. Kf4 fxe6 29. g4 Rh3 30. g5 Rh4+ 31. Bg4 Nxe4 32. gxf6 Nxf6 33.
Kg5 Rxg4+ 34. Kxf6 Rxc4 35. Kxe6 Rc2 36. h4 Rc3 37. Rf1 Rxa3 38. Rf7 h6 39. Rh7
Rc3 40. h5 a5 41. Kd5 Rc6 42. Rg7 a4 43. Rg2 a3 44. Rg1 Kc7 45. Rg7+ Kb8 0-1

[Event "Campionatul National de Sah Individ.  M"]
[Site "Eforie Nord"]
[Date "2009.02.03"]
[Round "4.33"]
[White "Stegariu, Alexandru"]
[Black "Dragomirescu, Calin"]
[Result "0-1"]
[WhiteElo "1936"]
[BlackElo "2224"]
[PlyCount "42"]
[EventDate "2009.02.01"]

1. d4 e6 2. c4 b6 3. Nc3 Bb7 4. Nf3 f5 5. e3 Nf6 6. Bd3 Bb4 7. Qc2 O-O 8. O-O
Bxc3 9. Qxc3 Ne4 10. Qc2 Na6 11. a3 Rf6 12. Nd2 Rh6 13. f3 Qh4 14. fxe4 Qxh2+
15. Kf2 Rg6 16. d5 Rxg2+ 17. Ke1 Nc5 18. b4 Qh4+ 19. Kd1 Qg4+ 20. Ke1 Nxe4 21.
Bxe4 Qe2# 0-1

[Event "Campionatul National de Sah Individual "]
[Site "Eforie Nord"]
[Date "2009.02.02"]
[Round "2.33"]
[White "Petrisor, Adrian-Marian"]
[Black "Stegariu, Alexandru"]
[Result "1-0"]
[WhiteElo "2242"]
[BlackElo "1936"]
[PlyCount "53"]
[EventDate "2009.02.01"]

1. e4 g6 2. d4 d6 3. Nf3 Bg7 4. Bc4 Nf6 5. Qe2 Nc6 6. h3 e5 7. dxe5 Nxe5 8.
Nxe5 dxe5 9. O-O O-O 10. Nc3 c6 11. a4 Qe7 12. b3 Rd8 13. a5 Be6 14. Ba3 Bxc4
15. Qxc4 Qc7 16. a6 bxa6 17. Bc5 Nd7 18. Be3 Nb6 19. Qxa6 f5 20. Na4 Nd7 21. f3
Bf8 22. Rfd1 fxe4 23. Qc4+ Kh8 24. Bg5 Re8 25. Qf7 Nb6 26. Bf6+ Bg7 27. Bxg7#
1-0

[Event "Campionatul National de Sah Individual "]
[Site "Eforie Nord"]
[Date "2009.02.02"]
[Round "3.51"]
[White "Stegariu, Alexandru"]
[Black "Rosca, Grigore"]
[Result "1-0"]
[WhiteElo "1936"]
[BlackElo "1739"]
[PlyCount "79"]
[EventDate "2009.02.01"]

1. d4 Nf6 2. c4 c6 3. Nc3 g6 4. Nf3 Bg7 5. e4 d5 6. e5 Ne4 7. Nxe4 dxe4 8. Ng5
f5 9. Be3 h6 10. Nh3 Be6 11. Nf4 Kf7 12. d5 cxd5 13. cxd5 Bxe5 14. dxe6+ Kf6
15. Qb3 Nc6 16. Be2 Bxf4 17. Bxf4 Nd4 18. Qd1 Nxe6 19. Bd2 Nd4 20. O-O Qb6 21.
Bc3 e5 22. Bc4 Rad8 23. Qa4 a6 24. Ba5 Qd6 25. Bxd8+ Rxd8 26. Qa3 Qb6 27. Rac1
f4 28. Rfd1 g5 29. Bf1 g4 30. Kh1 Nc2 31. Qb3 Qxb3 32. axb3 Nd4 33. Rc7 b5 34.
Ra7 Rd6 35. Ra1 e3 36. fxe3 fxe3 37. R7xa6 Ke6 38. Rxd6+ Kxd6 39. Re1 Nf5 40.
Bd3 1-0

[Event "Campionatul National de Sah Individual "]
[Site "Eforie Nord"]
[Date "2009.??.??"]
[Round "1.8"]
[White "Stegariu, Alexandru"]
[Black "Sofronie, Iulian"]
[Result "1/2-1/2"]
[WhiteElo "1936"]
[BlackElo "2471"]
[PlyCount "85"]
[EventDate "2009.02.01"]

1. d4 Nf6 2. c4 e6 3. Nc3 Bb4 4. Qc2 O-O 5. e3 b6 6. Bd3 Bb7 7. Nf3 d6 8. O-O
Bxc3 9. Qxc3 Ne4 10. Qc2 f5 11. Nd2 Qh4 12. f3 Ng5 13. f4 Nf7 14. e4 Nc6 15.
Nf3 Qf6 16. e5 Qe7 17. a3 dxe5 18. dxe5 Qc5+ 19. Qf2 Qxf2+ 20. Kxf2 Rad8 21.
Rd1 g5 22. Be3 g4 23. Ne1 Nd4 24. Nc2 Nb3 25. Rab1 Nh6 26. Na1 Nxa1 27. Rxa1
Be4 28. Be2 Kf7 29. Rxd8 Rxd8 30. Rd1 Rxd1 31. Bxd1 Ng8 32. b4 Ne7 33. b5 Bd3
34. Bb3 Ke8 35. a4 Kd7 36. Bd4 Be4 37. Bc3 c6 38. Bb4 Ng6 39. g3 c5 40. Bd2 h5
41. Ke3 h4 42. a5 h3 43. a6 1/2-1/2

[Event "XIII OPEN INTERNACIONAL SAN AG"]
[Site "Complejo Deportivo de Avilés"]
[Date "2008.08.02"]
[Round "3.5"]
[White "Stegariu, Alexandru"]
[Black "Martinez Perez, Jorge"]
[Result "0-1"]
[WhiteElo "1904"]
[BlackElo "2077"]
[PlyCount "128"]
[EventDate "2008.08.02"]

1. d4 f5 2. c4 d6 3. Nc3 c6 4. g3 g6 5. Bg2 Bg7 6. Nf3 Nh6 7. O-O Nf7 8. d5 e5
9. dxe6 Bxe6 10. Qd3 O-O 11. b3 Nd7 12. Bb2 Qc7 13. Nd4 Nc5 14. Nxe6 Nxe6 15.
e3 Ne5 16. Qd2 g5 17. Rfd1 Rad8 18. Rac1 Rf6 19. Nd5 cxd5 20. cxd5 Nc5 21. b4
Rh6 22. bxc5 g4 23. Bxe5 Bxe5 24. cxd6 Qxd6 25. Qd3 Qg6 26. Qb3 Qf7 27. Rc4 Kg7
28. Rdc1 Rd7 29. Qd3 Qh5 30. h4 gxh3 31. Rh4 Qf7 32. Rxh6 Kxh6 33. Bxh3 Rxd5
34. Qxf5 Qxf5 35. Bxf5 Bxg3 36. Be4 Re5 37. Bxb7 Re7 38. Bd5 Bc7 39. Rc6+ Kg5
40. Kg2 Kf5 41. Rh6 Kg5 42. Re6 Rd7 43. f4+ Kg4 44. Bf3+ Kf5 45. Rh6 Bb6 46.
Rh5+ Kg6 47. Rg5+ Kf6 48. e4 Rd2+ 49. Kg3 Rxa2 50. e5+ Ke6 51. Bg4+ Kf7 52.
Bh5+ Ke6 53. Rg7 Kf5 54. Rf7+ Ke4 55. e6 Ra3+ 56. Kg4 Bf2 57. Bg6+ hxg6 58. e7
Rg3+ 59. Kh4 Re3+ 60. Kg5 Kd5 61. Kxg6 Kd6 62. Rf6+ Kxe7 63. Rf7+ Ke8 64. Rxa7
Rg3+ 0-1

[Event "Campionatele Nationale Individ"]
[Site "?"]
[Date "2008.04.18"]
[Round "?"]
[White "Chirita Mihaila, Marius Constantin"]
[Black "Stegariu, Alexandru"]
[Result "1/2-1/2"]
[WhiteElo "2005"]
[BlackElo "1905"]
[PlyCount "75"]
[EventDate "2008.??.??"]

1. g3 c5 2. c4 Nc6 3. Nc3 g6 4. Bg2 Bg7 5. Rb1 e6 6. e3 Nge7 7. Nge2 O-O 8. O-O
d5 9. cxd5 exd5 10. d4 cxd4 11. Nxd4 Nxd4 12. exd4 Bf5 13. Ra1 Qb6 14. Nxd5
Nxd5 15. Bxd5 Bxd4 16. Qf3 Rac8 17. Be3 Qxb2 18. Bxd4 Qxd4 19. Bxb7 Rc2 20. Qd5
Rd8 21. Qxd4 Rxd4 22. a3 Rdd2 23. h4 Bh3 24. Bg2 Bxg2 25. Kxg2 Ra2 26. Kg1 Rxf2
27. Rxa2 Rxa2 28. Rf3 Kg7 29. Rb3 Kf6 30. Kf1 h6 31. Rf3+ Ke6 32. Re3+ Kf6 33.
Rf3+ Kg7 34. Rc3 g5 35. Rd3 Kg6 36. Rd6+ f6 37. hxg5 hxg5 38. Ra6 1/2-1/2

[Event "Campionatele Nationale Individ"]
[Site "Voineasa"]
[Date "2008.04.17"]
[Round "8.8"]
[White "Stegariu, Alexandru"]
[Black "Nitoiu-Vranceanu, Razvan"]
[Result "1-0"]
[WhiteElo "1905"]
[BlackElo "1788"]
[PlyCount "49"]
[EventDate "2008.??.??"]

1. d4 Nf6 2. c4 g6 3. Nc3 Bg7 4. e4 d6 5. Nf3 O-O 6. Bg5 c6 7. Be2 Nbd7 8. O-O
e5 9. dxe5 dxe5 10. b4 Qe7 11. a3 Rd8 12. Qb3 Nf8 13. c5 Be6 14. Qc2 Bg4 15.
Nd2 Bxe2 16. Nxe2 Ne6 17. Bh4 Nd4 18. Nxd4 exd4 19. Qd3 h6 20. f4 g5 21. fxg5
Ng4 22. Nf3 hxg5 23. Bxg5 f6 24. Bf4 Ne5 25. Bxe5 1-0